000 00526nam a2200193Ia 4500
003 GCL
008 140319s9999 xx 000 0 eng d
020 _a085532984X
040 _aGCL /
_cGCL
082 0 4 _a746.46
_bG E
100 1 _aGUERRIER, KATHARINE
245 1 0 _aTHE ENCYCLOPEDIA OF QUILTING AND PATCHWORK TECHNIQUES /
_cGUERRIER, KATHARINE
260 _a[S.N] :
_bSEARCH PRESS ،
_c2002
300 _a175 P ؛
_c22 cm.
650 0 4 _aHANDICRAFTS
650 0 4 _aPATCH WORK
650 0 4 _aFANCY WOMIC
942 _2ddc
_cBK
999 _c6589
_d6589